000 00740nam a2200241Ka 4500
008
020 _a0534355021 (pbk.)
049 _aMAIN
090 _aQA152.2
_bKAH
100 1 _aKahan, Steven.
245 1 0 _aUnderstanding elementary algebra with geometry :
_ba course for college students /
_cSteven Kahan.
250 _a4th ed.
260 _aPacific Grove, CA :
_bBrooks Publishing,
_cc1998.
300 _a323 p.
_c24 cm.
500 _aStudent solutions manual and study guide for Goodman and Hirsch's.
650 0 0 _aAlgebra.
650 0 0 _aGeometry.
907 _a.b10343921
_b27-06-14
_c25-06-14
003
005 20230123122057.0
040 _cNUST
942 _cBOOKS
_kQA152.2
_mKAH
999 _c127410
_d127410